000 00942cab a2200205 4500
001 ABS39815
008 090401t1988 xxu||||| |||| 00| 0 eng d
035 _a(Sirsi) u19118
041 _aeng
245 _aProject management
260 _c1988
350 _a0
490 _aChartered Surveyor Weekly
_v24(12) 29 September 1988, 35-46(6)
520 _aA special report on project management which includes articles on Project Management International a firm claiming to be the largest firm of project managers; specialist project management teams who assist with corporate relocation ; qualities of a good project manager; the in-house approach to project management and developers who take on project management as part of their overall property development activity.
650 _aCOUNTRYSIDE PROPERTIES
650 _aHUNTING GATE DEVELOPMENTS
690 _aBUILDING AND CONSTRUCTION-PROJECTS
942 _n0
948 _c04/03/1997
999 _c12732
_d12732